00497nam a2200145Ia 4500008004100000020001800041082002000059100004100079245006700120250001600187300000800203942001200211999001900223952010900242210430s9999 xx 000 0 und d a81-265-0927-9 a660.2842 S4381S aJ.D. Seader, Ernest J. Henley954672 aSeparation Process Principles /cJ.D. Seader, Ernest J. Henley a2nd edition a756 cBK2ddc c565316d565316 001040708NFICaSCMEbSCMEcGENd0009-05-15l0o660.2842 S4381SpSCME-4630r2021-04-30w2021-04-30yBK